[Event "Arco op 41st"]
[Site "Arco"]
[Date "2019.10.05"]
[Round "2"]
[White "Voltolini, Giuseppe"]
[Black "Aditya, Bikram Paul"]
[Result "1/2-1/2"]
[WhiteElo "2115"]
[BlackElo "1794"]
[PlyCount "93"]
[EventDate "2019.10.04"]
[EventType "swiss"]
[EventRounds "9"]
[EventCountry "ITA"]
[SourceTitle "EXT 2020"]
[Source "ChessBase"]
[SourceDate "2019.10.17"]
[SourceVersion "1"]
[SourceVersionDate "2019.10.17"]
[SourceQuality "1"]

1. d4 Nf6 2. c4 e6 3. g3 Bb4+ 4. Bd2 c5 5. Bxb4 cxb4 6. Bg2 d5 7. Nd2 Nc6 8. Ngf3 0-0 9. 0-0 b6 10. cxd5 exd5 11. Rc1 Bb7 12. e3 Qe7 13. Bh3 Bc8 14. Bxc8 Rfxc8 15. Qb3 Rc7 16. Rc2 Rac8 17. Rfc1 a5 18. Kg2 Nb8 19. Ne5 Qd6 20. Ndf3 h6 21. Qa4 Kf8 22. Rxc7 Rxc7 23. Rxc7 Qxc7 24. Qb5 Qb7 25. h3 Ne8 26. Qd3 Kg8 27. Qf5 Nd6 28. Qc2 Qc8 29. Qxc8+ Nxc8 30. Kf1 f6 31. Nd3 Nc6 32. Nf4 N6e7 33. Ke1 Nd6 34. Nd2 Kf7 35. Ke2 g5 36. Nh5 a4 37. Kd3 Nc6 38. g4 Nb5 39. Ng3 a3 40. bxa3 bxa3 41. Kc2 Nb4+ 42. Kb3 Nd3 43. Nh1 Nc1+ 44. Ka4 Nxa2 45. Nb1 Nc1 46. Nxa3 Nc3+ 47. Kb4 1/2-1/2

[Event "Cesenatico op 23rd"]
[Site "Cesenatico"]
[Date "2019.09.08"]
[Round "9"]
[White "Dittmar, Peter"]
[Black "Voltolini, Giuseppe"]
[Result "1-0"]
[WhiteElo "2259"]
[BlackElo "2115"]
[PlyCount "137"]
[EventDate "2019.09.01"]
[EventType "swiss"]
[EventRounds "9"]
[EventCountry "ITA"]
[SourceTitle "EXT 2020"]
[Source "ChessBase"]
[SourceDate "2019.10.17"]
[SourceVersion "1"]
[SourceVersionDate "2019.10.17"]
[SourceQuality "1"]

1. d4 Nf6 2. c4 e6 3. Nc3 d5 4. cxd5 exd5 5. Bg5 Be7 6. e3 c6 7. Qc2 Nbd7 8. Bd3 0-0 9. Nf3 Re8 10. 0-0 Nf8 11. h3 Nh5 12. Bxe7 Qxe7 13. Rab1 a5 14. a3 Nf6 15. b4 axb4 16. axb4 N8d7 17. b5 c5 18. dxc5 Nxc5 19. Rfd1 Be6 20. Nd4 Rec8 21. Qb2 Nxd3 22. Rxd3 Qc5 23. Nce2 h6 24. Rc3 Qb6 25. Rxc8+ Rxc8 26. Rc1 Rc5 27. Ra1 Rc8 28. Qa3 Ne4 29. Nf4 Qd6 30. Qxd6 Nxd6 31. Nfxe6 fxe6 32. Nxe6 Nxb5 33. Rb1 Nd6 34. Rd1 Ne4 35. Rxd5 Rc6 36. Nd8 Rc1+ 37. Kh2 Nxf2 38. Nxb7 Ne4 39. Rd4 Nf6 40. Nd6 Kf8 41. Rc4 Rxc4 42. Nxc4 Ke7 43. Kg3 Ke6 44. Kf4 g5+ 45. Kf3 Kd5 46. Nd2 Ke5 47. g4 Kd5 48. Nf1 Ke6 49. Ng3 Ke5 50. Ke2 Nd5 51. Kf3 Nf6 52. Nf1 Kd5 53. Nd2 Ke5 54. Ke2 Nd5 55. Nc4+ Ke6 56. Kf3 Nf6 57. e4 Nd7 58. Ke3 Nf6 59. Nd2 Nd7 60. Nf3 Nf6 61. Kd4 Nd7 62. e5 Nf8 63. Ke4 Ng6 64. Nd4+ Kf7 65. Kd5 Nf4+ 66. Kd6 Nxh3 67. e6+ Ke8 68. Nf5 Nf2 69. Ng7+ 1-0

[Event "Ortisei Server24 op 4th"]
[Site "Ortisei"]
[Date "2018.06.22"]
[Round "7"]
[White "Fischer, Daniel1111"]
[Black "Voltolini, Giuseppe"]
[Result "1-0"]
[WhiteElo "2263"]
[BlackElo "2150"]
[PlyCount "69"]
[EventDate "2018.06.16"]
[EventType "tourn"]
[EventRounds "9"]
[EventCountry "ITA"]
[SourceTitle "CBM 185 Extra"]
[Source "ChessBase"]
[SourceDate "2018.07.29"]
[SourceVersion "1"]
[SourceVersionDate "2018.07.29"]
[SourceQuality "1"]

1. e4 e6 2. d4 d5 3. Nd2 Nf6 4. e5 Nfd7 5. Bd3 c5 6. c3 Nc6 7. Ne2 cxd4 8. cxd4 f6 9. exf6 Nxf6 10. 0-0 Bd6 11. Nf3 Qc7 12. h3 0-0 13. Re1 e5 14. dxe5 Nxe5 15. Nxe5 Bxe5 16. Qb3 Be6 17. Be3 Bf7 18. Rac1 Qb8 19. Nd4 Bh2+ 20. Kh1 Bf4 21. Bf5 Re8 22. g3 Bxe3 23. Rxe3 Rxe3 24. Qxe3 Qd6 25. Kg2 a6 26. Qb3 b5 27. Rc6 Qe5 28. Qc3 g6 29. Be6 b4 30. Qxb4 Rb8 31. Qe7 Qxd4 32. Bxf7+ Kg7 33. Be8+ Kh6 34. Qf8+ Kh5 35. Bxg6+ 1-0

[Event "Ortisei Server24 op 4th"]
[Site "Ortisei"]
[Date "2018.06.18"]
[Round "3"]
[White "Sarkar, Justin"]
[Black "Voltolini, Giuseppe"]
[Result "1-0"]
[WhiteElo "2297"]
[BlackElo "2150"]
[PlyCount "71"]
[EventDate "2018.06.16"]
[EventType "tourn"]
[EventRounds "9"]
[EventCountry "ITA"]
[SourceTitle "CBM 185 Extra"]
[Source "ChessBase"]
[SourceDate "2018.07.29"]
[SourceVersion "1"]
[SourceVersionDate "2018.07.29"]
[SourceQuality "1"]

1. d4 Nf6 2. c4 e6 3. Nf3 c5 4. e3 d5 5. Nc3 a6 6. dxc5 Bxc5 7. a3 0-0 8. b4 Be7 9. Bb2 dxc4 10. Bxc4 b5 11. Bd3 Bb7 12. 0-0 Nbd7 13. e4 Rc8 14. Qe2 Qc7 15. Rfc1 Qb8 16. h3 Rfd8 17. Qe3 Bd6 18. Ne2 Ne5 19. Nxe5 Bxe5 20. Bxe5 Qxe5 21. f4 Qb2 22. Rcb1 Rxd3 23. Qxd3 Bxe4 24. Rxb2 Bxd3 25. Rc1 Bc4 26. Nc3 h5 27. Rd2 Bd5 28. Ne2 Bc4 29. Rd6 Ra8 30. Nd4 Ne4 31. Rb6 Rd8 32. Nc6 Rd2 33. Ne5 h4 34. Nxc4 bxc4 35. Rxa6 c3 36. Rc6 1-0

[Event "Porto Mannu op 10th"]
[Site "Porto Mannu"]
[Date "2018.06.02"]
[Round "1"]
[White "Bulmaga, Irina"]
[Black "Voltolini, Giuseppe"]
[Result "1-0"]
[WhiteElo "2419"]
[BlackElo "2150"]
[PlyCount "51"]
[EventDate "2018.06.02"]
[EventType "swiss"]
[EventRounds "9"]
[EventCountry "ITA"]
[SourceTitle "CBM 184 Extra"]
[Source "ChessBase"]
[SourceDate "2018.06.28"]
[SourceVersion "1"]
[SourceVersionDate "2018.06.28"]
[SourceQuality "1"]

1. e4 e6 2. d4 d5 3. Nc3 Nf6 4. Bg5 Bb4 5. e5 h6 6. Bh4 g5 7. Bg3 Ne4 8. Nge2 c5 9. a3 Bxc3+ 10. Nxc3 Nxg3 11. hxg3 a6 12. dxc5 Qc7 13. f4 gxf4 14. gxf4 Qxc5 15. Qd2 Nc6 16. 0-0-0 Bd7 17. Rh3 0-0-0 18. Bd3 Qf8 19. Qf2 Kc7 20. Be2 Ne7 21. Bxa6 bxa6 22. Qa7+ Kc8 23. Qxa6+ Kc7 24. Qa7+ Kc8 25. Nxd5 exd5 26. Rb3 1-0

[Event "Treviso op-A 1st"]
[Site "Treviso"]
[Date "2017.03.19"]
[Round "5.11"]
[White "Voltolini, Giuseppe"]
[Black "Loiacono, Leonardo"]
[Result "1/2-1/2"]
[WhiteElo "2116"]
[BlackElo "2126"]
[PlyCount "50"]
[EventDate "2017.03.17"]
[EventType "swiss"]
[EventRounds "5"]
[EventCountry "ITA"]
[SourceTitle "EXT 2024"]
[Source "ChessBase"]
[SourceDate "2023.10.10"]
[SourceVersion "1"]
[SourceVersionDate "2023.10.10"]
[SourceQuality "1"]

1. c4 Nf6 2. g3 g6 3. Bg2 Bg7 4. Nc3 c5 5. Nf3 0-0 6. d4 d6 7. d5 Na6 8. 0-0 Nc7 9. h3 Rb8 10. a4 Nd7 11. e4 b6 12. Bf4 Ne5 13. Nxe5 dxe5 14. Be3 a5 15. Qd2 Ne8 16. b3 Nd6 17. Bh6 Bxh6 18. Qxh6 f6 19. Qd2 Nf7 20. f4 g5 21. f5 Kg7 22. g4 Rh8 23. Bf3 Nd6 24. Kf2 Bd7 25. Rh1 h6 1/2-1/2

[Event "Arco op 38th"]
[Site "Arco"]
[Date "2016.10.09"]
[Round "2"]
[White "Simeone, Giulio"]
[Black "Voltolini, Giuseppe"]
[Result "1/2-1/2"]
[WhiteElo "1948"]
[BlackElo "2126"]
[PlyCount "38"]
[EventDate "2016.10.08"]
[EventType "swiss"]
[EventRounds "9"]
[EventCountry "ITA"]
[SourceTitle "EXT 2017"]
[Source "ChessBase"]
[SourceDate "2016.10.25"]
[SourceVersion "1"]
[SourceVersionDate "2016.10.25"]
[SourceQuality "1"]

1. e4 c5 2. c3 e6 3. d4 d5 4. exd5 exd5 5. Nf3 Nf6 6. Be2 Be7 7. 0-0 c4 8. b3 cxb3 9. axb3 0-0 10. Bg5 Nc6 11. Nbd2 Bf5 12. Bb5 h6 13. Bxc6 bxc6 14. Bf4 a5 15. Ne5 Qb6 16. Re1 Rfe8 17. c4 Bb4 18. c5 Qb5 19. Re3 Re7 1/2-1/2

[Event "Porto San Giorgio op 27th"]
[Site "Porto San Giorgio"]
[Date "2016.08.27"]
[Round "8"]
[White "Luciani, Valerio"]
[Black "Voltolini, Giuseppe"]
[Result "1-0"]
[WhiteElo "2144"]
[BlackElo "2147"]
[PlyCount "63"]
[EventDate "2016.08.20"]
[EventType "swiss"]
[EventRounds "9"]
[EventCountry "ITA"]
[SourceTitle "CBM 174 Extra"]
[Source "ChessBase"]
[SourceDate "2016.10.10"]
[SourceVersion "1"]
[SourceVersionDate "2016.10.10"]
[SourceQuality "1"]

1. d4 Nf6 2. c4 g6 3. Nc3 Bg7 4. e4 d6 5. Nf3 0-0 6. Be2 e5 7. 0-0 Nc6 8. d5 Ne7 9. Ne1 Nd7 10. Be3 f5 11. f3 f4 12. Bf2 g5 13. b4 a5 14. a3 axb4 15. axb4 Rxa1 16. Qxa1 Nf6 17. c5 g4 18. cxd6 cxd6 19. fxg4 Nxg4 20. Bxg4 Bxg4 21. Nf3 Qe8 22. Be1 Qh5 23. Qa7 Bxf3 24. Rxf3 Rf6 25. Qxb7 Rg6 26. Qxe7 Bf8 27. Qe6+ Rxe6 28. dxe6 Qe8 29. Nd5 Qxe6 30. b5 Be7 31. b6 Bd8 32. b7 1-0

[Event "Porto San Giorgio op 23rd"]
[Site "Porto San Giorgio"]
[Date "2011.08.24"]
[Round "5"]
[White "Voltolini, Giuseppe"]
[Black "Di Lascio, Savino"]
[Result "0-1"]
[WhiteElo "2229"]
[BlackElo "1982"]
[PlyCount "52"]
[EventDate "2011.08.21"]
[EventType "swiss"]
[EventRounds "9"]
[EventCountry "ITA"]
[SourceTitle "CBM 144 Extra"]
[Source "ChessBase"]
[SourceDate "2011.10.28"]
[SourceVersion "1"]
[SourceVersionDate "2011.10.28"]
[SourceQuality "1"]

1. d4 Nf6 2. c4 c5 3. d5 b5 4. cxb5 a6 5. b6 g6 6. Nc3 d6 7. Nf3 Bg7 8. Nd2 Nbd7 9. e4 Qxb6 10. Nc4 Qc7 11. Bf4 0-0 12. Be2 Bb7 13. 0-0 Rfb8 14. Bg3 Ne8 15. h4 Nb6 16. Ne3 Bc8 17. h5 Bd7 18. a4 Qd8 19. Qd2 Nc7 20. Kh2 Qf8 21. f4 f5 22. hxg6 hxg6 23. e5 Be8 24. e6 Bd4 25. Rf3 Qh6+ 26. Kg1 Nbxd5 0-1

[Event "Porto San Giorgio op 23rd"]
[Site "Porto San Giorgio"]
[Date "2011.08.23"]
[Round "4"]
[White "Zamengo, Fulvio"]
[Black "Voltolini, Giuseppe"]
[Result "1/2-1/2"]
[WhiteElo "2007"]
[BlackElo "2229"]
[PlyCount "69"]
[EventDate "2011.08.21"]
[EventType "swiss"]
[EventRounds "9"]
[EventCountry "ITA"]
[SourceTitle "CBM 144 Extra"]
[Source "ChessBase"]
[SourceDate "2011.10.28"]
[SourceVersion "1"]
[SourceVersionDate "2011.10.28"]
[SourceQuality "1"]

1. e4 c5 2. Nf3 d6 3. d4 cxd4 4. Nxd4 Nf6 5. Nc3 g6 6. Be3 Bg7 7. f3 Nc6 8. Qd2 0-0 9. 0-0-0 Nxd4 10. Bxd4 Be6 11. g4 Qa5 12. Kb1 Rfc8 13. h4 Rab8 14. h5 b5 15. hxg6 fxg6 16. g5 Nh5 17. Bxg7 Nxg7 18. Bh3 Bxh3 19. Rxh3 Qd8 20. Qd5+ e6 21. Qxd6 Qxg5 22. Qh2 b4 23. Ne2 h5 24. Rg1 Qd2 25. Nf4 Rxc2 26. Qxd2 Rxd2 27. Nxg6 b3 28. a3 Rbd8 29. Rhh1 Rf2 30. Rf1 Rdd2 31. Rxf2 Rxf2 32. Ne5 h4 33. Kc1 Rc2+ 34. Kb1 Rf2 35. Kc1 1/2-1/2

[Event "Civitanova Marche op"]
[Site "Civitanova Marche"]
[Date "2011.07.28"]
[Round "5"]
[White "Voltolini, Giuseppe"]
[Black "Mumelter, Igor"]
[Result "1/2-1/2"]
[WhiteElo "2229"]
[BlackElo "1884"]
[PlyCount "54"]
[EventDate "2011.07.24"]
[EventType "swiss"]
[EventRounds "7"]
[EventCountry "ITA"]
[SourceTitle "EXT 2014"]
[Source "ChessBase"]
[SourceDate "2013.11.20"]
[SourceVersion "1"]
[SourceVersionDate "2013.11.20"]
[SourceQuality "1"]

1. d4 Nf6 2. c4 e6 3. Nc3 Bb4 4. e3 0-0 5. Bd3 d5 6. a3 Bxc3+ 7. bxc3 dxc4 8. Bxc4 c5 9. Ne2 Qc7 10. Bd3 Nc6 11. 0-0 e5 12. d5 e4 13. dxc6 exd3 14. Qxd3 Qxc6 15. f3 Be6 16. Nf4 Rad8 17. Qe2 Nd5 18. Nxe6 Qxe6 19. Qc4 Qe5 20. Qxc5 Qxc3 21. Qxc3 Nxc3 22. e4 Rd3 23. a4 a5 24. Re1 Rc8 25. Bb2 Rd2 26. Bxc3 Rxc3 27. Rec1 Rdc2 1/2-1/2

[Event "Bratto op 26th"]
[Site "Bratto"]
[Date "2006.08.24"]
[Round "6"]
[White "Salvador, Roland"]
[Black "Voltolini, Giuseppe"]
[Result "1-0"]
[WhiteElo "2420"]
[BlackElo "2216"]
[PlyCount "71"]
[EventDate "2006.08.19"]
[EventType "swiss"]
[EventRounds "9"]
[EventCountry "ITA"]
[SourceTitle "CBM 113 Extra"]
[Source "ChessBase"]
[SourceDate "2006.09.14"]
[SourceVersion "1"]
[SourceVersionDate "2006.09.14"]
[SourceQuality "1"]

1. d4 Nf6 2. Nf3 e6 3. c4 d5 4. Nc3 Be7 5. g3 0-0 6. Bg2 dxc4 7. 0-0 a6 8. a4 c5 9. dxc5 Qa5 10. Qd4 Nc6 11. Qxc4 Qxc5 12. Qxc5 Bxc5 13. Bg5 Bd7 14. Rfd1 Rfd8 15. Nd2 Be8 16. Nde4 Be7 17. Nxf6+ gxf6 18. Bh4 Rab8 19. g4 Rbc8 20. Ne4 Kg7 21. Ng3 Rxd1+ 22. Rxd1 Na5 23. Nh5+ Kh8 24. b4 Nc6 25. Bxf6+ Bxf6 26. Nxf6 Nxb4 27. Bxb7 Bxa4 28. Rd4 Rc1+ 29. Kg2 Bc6+ 30. Kg3 Bxb7 31. Rxb4 Rc7 32. g5 Re7 33. Rh4 Kg7 34. Rxh7+ Kg6 35. Kg4 e5 36. Rh8 1-0

[Event "Bratto op 26th"]
[Site "Bratto"]
[Date "2006.08.23"]
[Round "5"]
[White "Voltolini, Giuseppe"]
[Black "Mazzilli, Piero"]
[Result "1-0"]
[WhiteElo "2216"]
[BlackElo "2310"]
[PlyCount "49"]
[EventDate "2006.08.19"]
[EventType "swiss"]
[EventRounds "9"]
[EventCountry "ITA"]
[SourceTitle "CBM 113 Extra"]
[Source "ChessBase"]
[SourceDate "2006.09.14"]
[SourceVersion "1"]
[SourceVersionDate "2006.09.14"]
[SourceQuality "1"]

1. e4 c5 2. Nf3 d6 3. Bb5+ Bd7 4. Bxd7+ Qxd7 5. 0-0 Nc6 6. c3 Nf6 7. d4 cxd4 8. cxd4 Nxe4 9. d5 Ne5 10. Nxe5 dxe5 11. Re1 Nf6 12. Rxe5 e6 13. Nc3 Bd6 14. dxe6 fxe6 15. Re3 0-0-0 16. g3 h5 17. Rd3 e5 18. Bg5 h4 19. Rc1 Kb8 20. g4 e4 21. Rxd6 Qxd6 22. Qxd6+ Rxd6 23. Bf4 Rhd8 24. Rd1 Nxg4 25. Nxe4 1-0